Normal view
MARC view
- Urdu Literature
Entry Topical Term
001 - CONTROL NUMBER
- control field: 676
003 - CONTROL NUMBER IDENTIFIER
- control field: NUST
005 - DATE AND TIME OF LATEST TRANSACTION
- control field: 20170514164554.0
008 - FIXED-LENGTH DATA ELEMENTS
- fixed length control field: 170514|| aca||aabn | a|a d
040 ## - CATALOGING SOURCE
- Original cataloging agency: NUST
- Transcribing agency: NUST
150 ## - HEADING--TOPICAL TERM
- Topical term or geographic name entry element: Urdu Literature
- Form subdivision: Drama
670 ## - SOURCE DATA FOUND
- Source citation: Work cat.: (NUST): Ahmad, Ishfaq 675, Shahla kot, 2005
